MDQL
is popping MORE tags! Check the
thread
!
Quizzes
Events
Quiz Creation
Community
Videos
Private Events
Remove Ads
Sign In
Join for FREE
Feedback
Dark Mode
Quiz Categories
Sports
Geography
Music
Movies
Television
Just For Fun
Miscellaneous
History
Literature
Language
Science
Gaming
Entertainment
Religion
Holiday
For Kids
Quiz Lab
Recent
Popular Today
Quiz Kudos Today
Editor Picks
Curator Picks
Quizzes by...
Day
Popularity
Type
Ratings
Length
Year
Community
Subscriptions
Recent Discussions
Orange Saloon
Badges
Playlists
Quests
Create
Leaderboards
Showdown
Live 5
Trivia Bingo
Activity
Puzzle Library
Sporcle Events
Private Events
Virtual Trivia
Globe League
Become a Host
Pub Owners
SporcleCon
Opinionation
Our Games
Videos
Blog
Mobile Apps
Partnerships
Remove Ads and Go Orange
Feedback
Holiday
Halloween
Christmas
Holiday Songs
April Fools'
Thanksgiving
Valentine's Day
Easter
St Patrick's Day
National Holiday
Religious Holiday
Holiday
Halloween
Christmas
Holiday Songs
April Fools'
Thanksgiving
Valentine's Day
Easter
St Patrick's Day
National Holiday
Religious Holiday
Random Quiz
Search Sporcle
×
Quiz Lab
Quiz Lab
Holiday
United States
Type in answers that appear in a list
Type in answers that appear in a list
Classic
Best Score? Go Orange.
National Holidays (USA) Stats
Can you name the National Holidays?
By
KellyVIP99
2m
10 Questions
86 Plays
86 Plays
86 Plays
Comments
Comments
Give Quiz Kudos
Give Quiz Kudos
-
- Ratings
hide this ad
Replay
Link that replays current quiz
Next Quiz
Link to next quiz in quiz playlist
You Got
0%
They Got
Avg Score
78%
Avg Friend Score
Upgrade to see
Score Distribution
Jump to the score distribution portion of the page
Score
0/10
Timer
02:00
0
Plays Today
Holiday
% Correct
Christmas Day
98.8%
Thanksgiving Day
90.7%
New Year's Day
83.7%
Memorial Day
83.7%
Independence Day
80.2%
Labor Day
80.2%
President's Day
76.7%
Veteran's Day
68.6%
Columbus Day
61.6%
Martin Luther King Day
57%
Quiz Playlist
Details
Report
Send in Message
Add To Playlist
Classic:
Type in answers that appear in a list
Quiz Source
Last Updated: Oct 5, 2018
Quiz Scoreboard
CHALLENGE
Sign Up to Join the Scoreboard
Show All
Scores
Hide
Comments
May contain spoilers
Recently Published
Image Sorting: Flags VI
by Barbecue
Geography
2m
Find the 'City' Movie
by crazypaving
Movies
60s
Colored Red Africa Blitz
by spor1
Geography
45s
More to Explore
Quiz From the Vault
Featured Blog Post
14 Easter Pick-up Lines to Find Eggs With
hide this ad
You Might Also Like...
Tags
United States Quiz
national
Today's Top Quizzes in Holiday
Browse Holiday
hide this ad
Today's Top Quizzes in United States
Browse United States
Top Contributed Quizzes in Holiday
1
Pick the Easter Eggs hidden in the Garden
2
5-to-1: Holiday Songs
3
Picture Click Blitz: Easter
4
April Fools' Zebra Puzzle
5
5-to-1: Thanksgiving
6
Easter Teddy Bears
7
Draw a Badge: Hey, It's Leap Day
8
Easter - Did You Know?
9
New Year’s Party Puzzle
10
Holidays Spelling Bee
Explore More
Trending Topics
Marvel
Crossword
Disney
Kpop
Harry Potter
Anime
NBA
Puzzle
Soccer
Country
WWE
The Office
Song
Pokémon
NFL
hide this ad
More By:
KellyVIP99
Quiz
Plays
Rating
Category
Featured
Created
Longest One Word Countries
145,978
4.67
Geography
May 6, 2011
English Phrases in Kpop
15,295
3.40
Music
Apr 23, 2011
Bigbang Songs
3,282
4.67
Music
Apr 22, 2011
Korean Numbers 1-10
806
2.17
Language
Apr 24, 2011
Sino Korean Numbers 1-10
536
4.67
Language
Aug 2, 2011
Go to Creator's Profile
Score Distribution
Quiz Creator Spotlight
KellyVIP99
Follow
Send a Message
Quizzes Created
-
Created Quiz Play Count
-
More By This Creator
Popular Quizzes Today
1
Colored Red Africa Blitz
2
Find the US States - No Outlines Minefield
3
Find the 'City' Movie
4
5x2 Blitz: Bands
5
The Countries of the World
6
Find the Countries of Europe - No Outlines Minefield
7
Find the US States
8
US States
More Holiday Quizzes
El or Noel?
Published
Trending Quizzes
Colored Red Europe Blitz I
Colored Red Europe Blitz II
Colored Red Africa Blitz II
Colored Red Europe Blitz III
Colored Red Africa Blitz III
Recently Updated
How Do You Spell That?
pecheneg
Godzilla Movies
pecheneg
Grab Bag: 4-10 Letters
pecheneg
2024 March Madness Bracket
pecheneg
Famous TV Couples
Peacemaker
Champions League XIs: Real Madrid
pecheneg
Largest US Cities 1790-2010
pecheneg
Rides in Walt Disney World
pecheneg
Most Oscar Losses (Acting)
pecheneg
Beyoncé Albums
pecheneg
Trending Topics
Marvel
Kpop
Crossword
Anime
Disney
Harry Potter
NBA
Song
Puzzle
NFL
Country
The Office
Soccer
Pokémon
WWE
Your Account Isn't Verified!
In order to create a playlist on Sporcle, you need to verify the email address you used during registration. Go to your
Sporcle Settings
to finish the process.
Report this User
Report this user for behavior that violates our
Community Guidelines
.
Details:
Send Report
Go to the Sporcle.com Mobile Site →
Comments